UEFA Conference League Finalists - Statistics

General Stats
  • This quiz has been taken 215 times
    12 since last reset
  • The average score is 6 of 7
Answer Stats
Answer % Correct
Chelsea
100%
Real Betis
100%
Fiorentina
91%
Olympiacos
91%
West Ham United
91%
Roma
82%
Feyenoord
64%
No matching quizzes found
Score Distribution
Percent of People with Each Score
Percentile by Number Answered
Your Score History
You have not taken this quiz since the last reset